000 00318nam a2200133Ia 4500
100 _aPollack/Herman W
942 _cBK
654 _aTool Operations
245 _aManufacturing & Machine Tool Operations
260 _bPrentice Hall of India
_aNewDelhi
_c1974
082 _a621.9
300 _a593
546 _aENGLISH
999 _c29709
_d29709